000 00418pab a2200157 454500
008 180718b2009 xxu||||| |||| 00| 0 eng d
100 _aSharma, Davinder
245 _aManaging international project: a human resource perspective
260 _c2009
300 _ap.51-59.
362 _aJan-Mar
650 _aHuman resources
773 _aIndian Journal of Training and Development
908 _aN
909 _a82884
999 _c82884
_d82884